000 00770nam a2200217Ii 4500
003 JO-AjNU
008 230605s9999||||xx |||||||||||||| ||und||
017 _a2013/2/676
040 _aJO-AjNU
_bara
_erda
_cJO-AjNU
041 _aara
050 1 4 _aBP190.5 2013
100 3 _aالفقير، نوح مصطفى,
_eauthor
_943779
245 0 0 _aأساليب معالجة نشوز الزوجين ودورها في الحد من العنف الأسري
250 _aط1
264 3 1 _aد.م: د.ن، 2013
300 _a48ص
336 _atext
_btxt
_2rdacontent
337 _aunmediated
_bn
_2rdamedia
338 _avolume
_bnc
_2rdacarrier
650 4 _aنشوز الزوجين- العنف الاسري- الاحوال الشخصية- قوانين وتشريعات
_943780
999 _aA18846
_c22414
_d22414